Get Through MRCP part 2 : 450 best of fives (Record no. 4895)

MARC details
000 -LEADER
fixed length control field 01050cam a22003377a 4500
001 - CONTROL NUMBER
control field 16691486
003 - CONTROL NUMBER IDENTIFIER
control field OSt
005 - DATE AND TIME OF LATEST TRANSACTION
control field 20210830110450.0
008 - FIXED-LENGTH DATA ELEMENTS--GENERAL INFORMATION
fixed length control field 110314s2007 enka b 001 0 eng
010 ## - LIBRARY OF CONGRESS CONTROL NUMBER
LC control number 2011286588
015 ## - NATIONAL BIBLIOGRAPHY NUMBER
National bibliography number GBA729394
Source bnb
016 7# - NATIONAL BIBLIOGRAPHIC AGENCY CONTROL NUMBER
Record control number 013716489
Source Uk
020 ## - INTERNATIONAL STANDARD BOOK NUMBER
International Standard Book Number 9781853156649 (pbk.)
020 ## - INTERNATIONAL STANDARD BOOK NUMBER
International Standard Book Number 1853156647 (pbk.)
035 ## - SYSTEM CONTROL NUMBER
System control number (OCoLC)ocn181067772
040 ## - CATALOGING SOURCE
Original cataloging agency UKM
Transcribing agency UKM
Modifying agency DLC
042 ## - AUTHENTICATION CODE
Authentication code ukscp
-- lccopycat
082 ## - DEWEY DECIMAL CLASSIFICATION NUMBER
Classification number WB18 D543g 2007
100 1# - MAIN ENTRY--PERSONAL NAME
Personal name Dias, Aruna; Beck, Eric R.
9 (RLIN) 10519
245 10 - TITLE STATEMENT
Title Get Through MRCP part 2 : 450 best of fives
Remainder of title
250 ## - EDITION STATEMENT
Edition statement 2nd ed.
260 ## - PUBLICATION, DISTRIBUTION, ETC. (IMPRINT)
Place of publication, distribution, etc. London :
Name of publisher, distributor, etc. Royal Society of Medicine Press,
Date of publication, distribution, etc. 2007.
300 ## - PHYSICAL DESCRIPTION
Extent xvii, 405 p. :
Other physical details col.ill;
Dimensions 24 cm.
490 1# - SERIES STATEMENT
Series statement Get through
504 ## - BIBLIOGRAPHY, ETC. NOTE
Bibliography, etc Includes bibliographical references (p. ix) and index.
650 #0 - SUBJECT ADDED ENTRY--TOPICAL TERM
Topical term or geographic name as entry element MCQs Medicine
9 (RLIN) 10520
830 #0 - SERIES ADDED ENTRY--UNIFORM TITLE
Uniform title Get through.
9 (RLIN) 10522
906 ## - LOCAL DATA ELEMENT F, LDF (RLIN)
a 7
b cbc
c copycat
d 2
e ncip
f 20
g y-gencatlg
942 ## - ADDED ENTRY ELEMENTS (KOHA)
Source of classification or shelving scheme Other/Generic Classification Scheme
Koha item type Open Shelf
Holdings
Withdrawn status Lost status Source of classification or shelving scheme Damaged status Not for loan Home library Current library Date acquired Source of acquisition Inventory number Total Checkouts Full call number Barcode Date last seen Koha item type
    Other/Generic Classification Scheme     MUST Main Library MUST Main Library 29/07/2016 Donation 11/35454   WB18 D543g 2007 2016-3493 29/07/2016 Open Shelf
    Other/Generic Classification Scheme     MUST Main Library MUST Main Library 30/08/2021 Donation 09/31955   WB18 D543g 2007 2021-0727 30/08/2021 Open Shelf